[Event "Asia-ch (Women)"]
[Site "Genting Highlands"]
[Date "1998.??.??"]
[Round "?"]
[White "Gokhale, Anupama"]
[Black "Sulistya, Maria Lucia Ratna"]
[Result "1/2-1/2"]
[WhiteElo "2205"]
[BlackElo "2235"]
[PlyCount "89"]
[EventDate "1998.04.??"]
[EventType "swiss"]
[EventRounds "11"]
[EventCountry "MAS"]
[SourceTitle "EXT 1999"]
[Source "ChessBase"]
[SourceDate "1998.11.16"]
[SourceVersion "1"]
[SourceVersionDate "1998.11.16"]
[SourceQuality "1"]

1. d4 Nf6 2. c4 e6 3. Nf3 d5 4. cxd5 exd5 5. Bg5 h6 6. Bh4 c6 7. e3 Bb4+ 8. Nbd2 g5 9. Bg3 Bg4 10. Be2 Ne4 11. 0-0 Nxg3 12. hxg3 Nd7 13. a3 Be7 14. e4 dxe4 15. Nxe4 0-0 16. Qc2 Bf5 17. Nf6+ Nxf6 18. Qxf5 Qd5 19. Qc2 Qd6 20. Rfe1 Nd5 21. Ne5 Bf6 22. Bh5 Bg7 23. Rad1 Rad8 24. Qb3 Qc7 25. Bf3 Qb6 26. Qc2 Nf6 27. Nc4 Qc7 28. Ne3 Rd7 29. Nf5 Rfd8 30. g4 Ne8 31. g3 Nd6 32. Nxg7 Kxg7 33. d5 cxd5 34. Qxc7 Rxc7 35. Rxd5 Rcd7 36. Red1 Kf6 37. Kg2 Ke7 38. Re1+ Kf8 39. Red1 Ke7 40. b3 f6 41. Re1+ Kf8 42. Red1 Ke7 43. Kf1 b6 44. Re1+ Kf8 45. Red1 1/2-1/2

[Event "Asia-ch (Women)"]
[Site "Genting Highlands"]
[Date "1998.??.??"]
[Round "?"]
[White "Phan Koshnitsky, Ngan"]
[Black "Sulistya, Maria Lucia Ratna"]
[Result "1/2-1/2"]
[WhiteElo "2115"]
[BlackElo "2235"]
[PlyCount "81"]
[EventDate "1998.04.??"]
[EventType "swiss"]
[EventRounds "11"]
[EventCountry "MAS"]
[SourceTitle "EXT 1999"]
[Source "ChessBase"]
[SourceDate "1998.11.16"]
[SourceVersion "1"]
[SourceVersionDate "1998.11.16"]
[SourceQuality "1"]

1. d4 Nf6 2. c4 e6 3. Nf3 d5 4. Nc3 c6 5. e3 Nbd7 6. Bd3 Bd6 7. 0-0 0-0 8. e4 dxc4 9. Bxc4 e5 10. Bg5 Qc7 11. d5 Bb4 12. Qe2 cxd5 13. Nxd5 Nxd5 14. Bxd5 Qb6 15. Rac1 a6 16. Rfd1 Qg6 17. a3 Ba5 18. Be3 Bb6 19. h3 h6 20. Nh4 Qf6 21. Nf5 Bxe3 22. Qxe3 Nb6 23. Ne7+ Kh8 24. Qc5 Nd7 25. Qxc8 Raxc8 26. Nxc8 b6 27. Rc6 Qf4 28. Nxb6 Nf6 29. Rc4 g5 30. Rd3 g4 31. g3 Qg5 32. h4 Qg7 33. Rc6 Nxd5 34. Rxd5 f6 35. Rd7 Qg6 36. Rcc7 Qxe4 37. Nd5 Qb1+ 38. Kh2 Qf5 39. Kg1 Qb1+ 40. Kg2 Qe4+ 41. Kh2 1/2-1/2

[Event "World Cities"]
[Site "Jakarta "]
[Date "1997.??.??"]
[Round "7"]
[White "Rogers, Ian"]
[Black "Sulistya, Maria Lucia Ratna"]
[Result "1-0"]
[WhiteElo "2570"]
[BlackElo "2260"]
[PlyCount "48"]
[EventDate "1997.07.08"]
[EventType "swiss"]
[EventRounds "10"]
[EventCountry "INA"]
[SourceTitle "CBM 058 Extra"]
[Source "ChessBase"]
[SourceDate "1997.07.29"]
[SourceVersion "1"]
[SourceVersionDate "1997.07.29"]
[SourceQuality "1"]

1. d4 d5 2. c4 c6 3. Nf3 dxc4 4. e3 b5 5. a4 e6 6. axb5 cxb5 7. b3 a5 8. bxc4 b4 9. Ne5 Nf6 10. c5 Qc7 11. Bb5+ Nbd7 12. Bd2 Nd5 13. 0-0 Be7 14. Qa4 f6 15. Nxd7 Bxd7 16. e4 Nc3 17. Nxc3 bxc3 18. Bxc3 Bxb5 19. Qxb5+ Kf7 20. Rxa5 Qf4 21. d5 h5 22. d6 h4 23. h3 Rh5 24. dxe7 Rg5 1-0

[Event "Jakarta op"]
[Site "Jakarta"]
[Date "1997.??.??"]
[Round "?"]
[White "Sulistya, Maria Lucia Ratna"]
[Black "Bancod, Ronald"]
[Result "0-1"]
[WhiteElo "2215"]
[BlackElo "2405"]
[PlyCount "80"]
[EventDate "1997.??.??"]
[EventType "swiss"]
[EventRounds "9"]
[EventCountry "INA"]
[SourceTitle "EXT 2000"]
[Source "ChessBase"]
[SourceDate "1999.11.16"]
[SourceVersion "1"]
[SourceVersionDate "1999.11.16"]
[SourceQuality "1"]

1. e4 c5 2. d3 Nc6 3. g3 g6 4. Bg2 Bg7 5. f4 d6 6. Nf3 e6 7. 0-0 Nge7 8. c3 0-0 9. Be3 b6 10. Bf2 Bb7 11. Re1 Qc7 12. Na3 a6 13. Nc2 b5 14. d4 cxd4 15. Ncxd4 e5 16. Nxc6 Bxc6 17. Qc2 Qb7 18. fxe5 dxe5 19. Bc5 Rad8 20. Rad1 Rxd1 21. Qxd1 h6 22. b4 Re8 23. Nh4 Bd7 24. Re3 Be6 25. Rd3 Nc6 26. Qd2 a5 27. a3 axb4 28. axb4 Ra8 29. Qd1 Ra3 30. h3 Bc4 31. Rd7 Qa8 32. Qd6 Rxc3 33. Nxg6 Qa1+ 34. Kh2 Qe1 35. Qd2 Qxg3+ 36. Kh1 Ra3 37. Ne7+ Nxe7 38. Rxe7 Ra2 39. Bf2 Qxg2+ 40. Kxg2 Rxd2 0-1

[Event "Olympiad Women-32"]
[Site "Yerevan"]
[Date "1996.??.??"]
[Round "2"]
[White "Berend, Elvira S"]
[Black "Sulistya, Maria Lucia Ratna"]
[Result "1/2-1/2"]
[WhiteElo "2330"]
[BlackElo "2195"]
[PlyCount "119"]
[EventDate "1996.09.15"]
[EventType "team-swiss"]
[EventRounds "14"]
[EventCountry "ARM"]
[SourceTitle "EXT 1997"]
[Source "ChessBase"]
[SourceDate "1996.11.15"]
[SourceVersion "1"]
[SourceVersionDate "1996.11.15"]
[SourceQuality "1"]

1. d4 Nf6 2. Nf3 e6 3. e3 c6 4. Bd3 d5 5. 0-0 Bd6 6. Nbd2 Nbd7 7. e4 dxe4 8. Nxe4 Nxe4 9. Bxe4 Nf6 10. Bd3 Qc7 11. Bg5 h6 12. Bd2 b6 13. Qe2 Bb7 14. Rfe1 0-0 15. h3 Bf4 16. Ne5 Bxd2 17. Qxd2 Rfd8 18. Qe3 Rac8 19. Rad1 c5 20. dxc5 bxc5 21. b3 Rd6 22. Qg3 Be4 23. Nxf7 Kxf7 24. Bxe4 Rxd1 25. Bg6+ Kf8 26. Rxd1 Qxg3 27. fxg3 c4 28. Rd6 cxb3 29. axb3 Ke7 30. Ra6 Rc7 31. Bd3 Nd5 32. Ra4 Ne3 33. Ra1 Kd6 34. c4 Kc5 35. Kf2 Kd4 36. Bg6 Rb7 37. Rb1 Nf5 38. g4 Ne7 39. Be8 Rb8 40. Ba4 Rf8+ 41. Ke2 Kc5 42. Rd1 Ng6 43. Rd7 Nf4+ 44. Kd2 g5 45. Rxa7 Nxg2 46. Rc7+ Kd4 47. Rd7+ Kc5 48. Ke2 Nf4+ 49. Ke3 Nxh3 50. Rc7+ Kd6 51. Rc6+ Ke5 52. b4 Nf2 53. b5 Nxg4+ 54. Kd2 Nf2 55. b6 Ne4+ 56. Ke3 g4 57. Bd1 h5 58. Rc7 Rb8 59. c5 Nxc5 60. Rxc5+ 1/2-1/2

[Event "Olympiad Women-32"]
[Site "Yerevan"]
[Date "1996.??.??"]
[Round "7"]
[White "Navabi, Shirin"]
[Black "Sulistya, Maria Lucia Ratna"]
[Result "0-1"]
[WhiteElo "2050"]
[BlackElo "2195"]
[PlyCount "78"]
[EventDate "1996.09.15"]
[EventType "team-swiss"]
[EventRounds "14"]
[EventCountry "ARM"]
[SourceTitle "EXT 1997"]
[Source "ChessBase"]
[SourceDate "1996.11.15"]
[SourceVersion "1"]
[SourceVersionDate "1996.11.15"]
[SourceQuality "1"]

1. c4 Nf6 2. Nf3 e6 3. b3 d5 4. Bb2 c5 5. e3 Nc6 6. cxd5 exd5 7. d4 cxd4 8. Nxd4 Ne4 9. Bb5 Bb4+ 10. Kf1 Qh4 11. Qe2 0-0 12. Nf3 Qh5 13. Ne5 Qf5 14. Nf3 Bd7 15. a3 Bd6 16. Nc3 Rfe8 17. Bd3 Ne5 18. Nxe5 Bxe5 19. Rd1 Bc6 20. Qc2 Rac8 21. Nxe4 dxe4 22. Bc4 b5 23. Be2 Bd5 24. Qb1 Bxb3 25. Rd2 Bc3 26. Bxc3 Rxc3 27. Qb2 Qc5 28. g3 a6 29. Kg2 Rc8 30. Bd1 Be6 31. h3 Rxa3 32. Rd4 f6 33. Qd2 Ra2 34. Rd8+ Rxd8 35. Qxd8+ Kf7 36. Bg4 Bxg4 37. hxg4 Qe7 38. Qd5+ Qe6 39. Qb7+ Kg6 0-1

[Event "Olympiad Women-32"]
[Site "Yerevan"]
[Date "1996.??.??"]
[Round "3"]
[White "Sulistya, Maria Lucia Ratna"]
[Black "Guindy, Esmat Susanne"]
[Result "1/2-1/2"]
[WhiteElo "2195"]
[BlackElo "2095"]
[PlyCount "112"]
[EventDate "1996.09.15"]
[EventType "team-swiss"]
[EventRounds "14"]
[EventCountry "ARM"]
[SourceTitle "EXT 1997"]
[Source "ChessBase"]
[SourceDate "1996.11.15"]
[SourceVersion "1"]
[SourceVersionDate "1996.11.15"]
[SourceQuality "1"]

1. e4 e6 2. d4 d5 3. Nd2 Nf6 4. e5 Nfd7 5. Bd3 c5 6. c3 Nc6 7. Ne2 cxd4 8. cxd4 f6 9. exf6 Nxf6 10. 0-0 Bd6 11. Nf3 0-0 12. Ng3 Qb6 13. a3 e5 14. dxe5 Nxe5 15. Be2 Nxf3+ 16. Bxf3 Be6 17. Qd3 Rad8 18. Be3 Bc5 19. Bxc5 Qxc5 20. b4 Qb6 21. h3 Kh8 22. Rfe1 Ne4 23. Nxe4 dxe4 24. Qxe4 Bd5 25. Qe3 Bxf3 26. Qxb6 axb6 27. gxf3 Rxf3 28. Re3 Rf6 29. Rae1 Rdf8 30. R1e2 h6 31. Kg2 Kh7 32. Re6 Kg6 33. Re7 R8f7 34. R2e6 b5 35. Kg3 Rxe7 36. Rxe7 Rf7 37. Re3 Kf6 38. Rc3 Re7 39. Kg4 g5 40. Kg3 Re4 41. Rc7 Re7 42. Rc8 Re5 43. f3 h5 44. Rh8 Kg6 45. h4 gxh4+ 46. Kxh4 Re3 47. Rxh5 Rxf3 48. Rxb5 Rxa3 49. Kg4 Kf6 50. Kf4 Ke6 51. Ke4 Kd6 52. Rxb7 Kc6 53. Rb8 Kc7 54. Rb5 Kc6 55. Rc5+ Kb6 56. Kd4 Ra1 1/2-1/2

[Event "Olympiad Women-32"]
[Site "Yerevan"]
[Date "1996.??.??"]
[Round "10"]
[White "Sulistya, Maria Lucia Ratna"]
[Black "Skripchenko, Almira"]
[Result "0-1"]
[WhiteElo "2195"]
[BlackElo "2370"]
[PlyCount "120"]
[EventDate "1996.09.15"]
[EventType "team-swiss"]
[EventRounds "14"]
[EventCountry "ARM"]
[SourceTitle "EXT 1997"]
[Source "ChessBase"]
[SourceDate "1996.11.15"]
[SourceVersion "1"]
[SourceVersionDate "1996.11.15"]
[SourceQuality "1"]

1. e4 e5 2. Nf3 Nc6 3. Bc4 Bc5 4. c3 Nf6 5. b4 Bb6 6. d3 d6 7. h3 h6 8. 0-0 Ne7 9. Re1 Ng6 10. d4 0-0 11. dxe5 dxe5 12. Qxd8 Rxd8 13. Nbd2 Nh5 14. Nf1 Nhf4 15. Be3 Be6 16. Bxe6 Nxe6 17. g3 Rd3 18. Rac1 f6 19. Red1 Rad8 20. Rxd3 Rxd3 21. Bxb6 axb6 22. Ne3 Ne7 23. Kf1 Kf7 24. Ke2 Rd8 25. Rd1 Ra8 26. Rd2 Ra3 27. Nd5 Nxd5 28. exd5 Nf8 29. d6 cxd6 30. Rxd6 Rxc3 31. Rxb6 Rc7 32. Nd2 Nd7 33. Rb5 Ke6 34. a4 f5 35. g4 g6 36. f3 b6 37. a5 bxa5 38. Rxa5 Rb7 39. Ra6+ Kf7 40. gxf5 gxf5 41. Rxh6 Rxb4 42. Rh7+ Ke6 43. Kd3 Rd4+ 44. Ke2 Nf6 45. Ra7 Nd5 46. Nb3 Nf4+ 47. Kf2 Rb4 48. Ra6+ Kf7 49. Nc5 Rb5 50. Ra7+ Kg6 51. Nd7 Kg5 52. Ra8 Rb2+ 53. Kf1 Nd3 54. Ra4 Rf2+ 55. Kg1 Rxf3 56. h4+ Kg6 57. Kg2 e4 58. Rd4 Nf4+ 59. Kh2 Rh3+ 60. Kg1 Rxh4 0-1

[Event "Asia-chT fin 01st (Women)"]
[Site "Singapore"]
[Date "1995.12.18"]
[Round "5"]
[White "Sulistya, Maria Lucia Ratna"]
[Black "Zhu, Chen"]
[Result "1/2-1/2"]
[WhiteElo "2190"]
[BlackElo "2492"]
[PlyCount "32"]
[EventDate "1995.12.14"]
[EventType "team"]
[EventRounds "9"]
[EventCountry "SIN"]
[SourceTitle "EXT 1998"]
[Source "ChessBase"]
[SourceDate "1997.11.17"]
[SourceVersion "1"]
[SourceVersionDate "1997.11.17"]
[SourceQuality "1"]
[WhiteTeam "Indonesia (W)"]
[BlackTeam "China (W)"]
[WhiteTeamCountry "INA"]
[BlackTeamCountry "CHN"]

1. e4 c5 2. Nf3 d6 3. Bb5+ Nd7 4. 0-0 Ngf6 5. Re1 e6 6. d4 cxd4 7. Qxd4 Be7 8. Bg5 a6 9. Bxd7+ Bxd7 10. Nc3 Qc7 11. Rad1 Rc8 12. e5 dxe5 13. Nxe5 Rd8 14. Qf4 Bc6 15. Nxc6 Qxf4 16. Bxf4 bxc6 1/2-1/2

[Event "Olympiad Women-31"]
[Site "Moscow"]
[Date "1994.12.11"]
[Round "10"]
[White "Sulistya, Maria Lucia Ratna"]
[Black "Laesson, Tuulikki"]
[Result "0-1"]
[WhiteElo "2190"]
[BlackElo "2245"]
[PlyCount "106"]
[EventDate "1994.12.01"]
[EventType "team-swiss"]
[EventRounds "14"]
[EventCountry "RUS"]
[SourceTitle "EXT 2019"]
[Source "ChessBase"]
[SourceDate "2018.10.10"]
[SourceVersion "1"]
[SourceVersionDate "2018.10.10"]
[SourceQuality "1"]
[WhiteTeam "Indonesia (W)"]
[BlackTeam "Estonia (W)"]
[WhiteTeamCountry "INA"]
[BlackTeamCountry "EST"]

1. e4 c6 2. d4 d5 3. Nd2 dxe4 4. Nxe4 Nf6 5. Nxf6+ exf6 6. Nf3 Bd6 7. Be2 0-0 8. h3 Re8 9. 0-0 Nd7 10. Bd3 Nf8 11. c3 Ne6 12. Qc2 g6 13. Re1 Bd7 14. Be3 Qc7 15. Qb3 b5 16. Rad1 Rab8 17. Bb1 Ng7 18. Rd2 a5 19. Qd1 Be6 20. Bh6 b4 21. Rde2 Red8 22. Bd3 bxc3 23. bxc3 Nf5 24. Bxf5 Bxf5 25. Nh4 Bd7 26. Qd3 Bh2+ 27. Kh1 Bf4 28. Bxf4 Qxf4 29. Nf3 c5 30. Qe3 Qxe3 31. fxe3 cxd4 32. exd4 Be6 33. Kg1 a4 34. Rc2 a3 35. c4 Rb2 36. Ree2 Rdb8 37. d5 Bf5 38. Rcd2 Bd3 39. Re3 Bxc4 40. Rxa3 Rxd2 41. Nxd2 Bxd5 42. Ra5 Be6 43. a4 Rb2 44. Nf3 Ra2 45. Ra8+ Kg7 46. a5 Bd5 47. Ra7 Bxf3 48. gxf3 g5 49. a6 Kg6 50. Kf1 h5 51. Ke1 Kf5 52. Rxf7 Rxa6 53. Kf2 Kf4 0-1

[Event "Wch U20 Girls 12th"]
[Site "Matinhos"]
[Date "1994.09.??"]
[Round "2"]
[White "Khurtsidze, Nino"]
[Black "Sulistya, Maria Lucia Ratna"]
[Result "1-0"]
[WhiteElo "2320"]
[BlackElo "2190"]
[PlyCount "87"]
[EventDate "1994.09.??"]
[EventType "swiss"]
[EventRounds "13"]
[EventCountry "BRA"]
[SourceTitle "EXT 2022"]
[Source "ChessBase"]
[SourceDate "2021.10.06"]
[SourceVersion "1"]
[SourceVersionDate "2021.10.06"]
[SourceQuality "1"]

1. d4 Nf6 2. g3 e6 3. Bg2 d5 4. Nf3 c6 5. 0-0 Bd6 6. Nbd2 0-0 7. c4 Nbd7 8. Qc2 Re8 9. Rd1 Qe7 10. a3 Rb8 11. e4 Nxe4 12. Nxe4 dxe4 13. Qxe4 Nf6 14. Qc2 Bd7 15. Ne5 Rbd8 16. b4 Bc8 17. Bb2 Qc7 18. Qe2 Nd7 19. Nf3 b6 20. c5 Bf8 21. cxb6 Qxb6 22. Qc2 h6 23. Nd2 Bb7 24. Nc4 Qc7 25. Na5 Rc8 26. Rac1 Nb8 27. Qd2 a6 28. Rc4 Qb6 29. Rdc1 Rc7 30. Qc2 Rec8 31. d5 exd5 32. Bxd5 Ba8 33. Bg2 Qb5 34. Rg4 Re8 35. Qc3 f5 36. Bf1 Qa4 37. Rf4 Nd7 38. Rxf5 Nb6 39. Nc4 Nd5 40. Qd4 Qb3 41. Na5 Qa4 42. Rxd5 c5 43. Qd1 Qxd1 44. Rdxd1 1-0

[Event "Wch U20 Girls 12th"]
[Site "Matinhos"]
[Date "1994.09.??"]
[Round "3"]
[White "Sulistya, Maria Lucia Ratna"]
[Black "Abdullaeva, Ulviyya"]
[Result "1-0"]
[WhiteElo "2190"]
[BlackElo "2090"]
[PlyCount "61"]
[EventDate "1994.09.??"]
[EventType "swiss"]
[EventRounds "13"]
[EventCountry "BRA"]
[SourceTitle "EXT 2022"]
[Source "ChessBase"]
[SourceDate "2021.10.06"]
[SourceVersion "1"]
[SourceVersionDate "2021.10.06"]
[SourceQuality "1"]

1. e4 c5 2. Nf3 Nc6 3. d4 cxd4 4. Nxd4 Nf6 5. Nc3 e5 6. Ndb5 d6 7. Bg5 a6 8. Na3 b5 9. Nd5 Be7 10. Nxe7 Nxe7 11. Bd3 Bb7 12. Qe2 Ng6 13. 0-0-0 h6 14. Bxf6 Qxf6 15. Bxb5+ Ke7 16. Bd3 Nf4 17. Qe3 Nxg2 18. Qb6 Rhb8 19. Qc7+ Kf8 20. Nc4 Qf4+ 21. Kb1 Bxe4 22. Bxe4 Qxe4 23. Nb6 Qb4 24. Nd7+ Kg8 25. Nxb8 Rxb8 26. b3 Rb6 27. a3 Qb5 28. Rhg1 Nf4 29. Qc8+ Kh7 30. Qf8 Ne6 31. Rxg7+ 1-0

[Event "Wch U20 Girls 12th"]
[Site "Matinhos"]
[Date "1994.09.??"]
[Round "5"]
[White "Sulistya, Maria Lucia Ratna"]
[Black "Alexieva, Silvia"]
[Result "1/2-1/2"]
[WhiteElo "2190"]
[BlackElo "2265"]
[PlyCount "64"]
[EventDate "1994.09.??"]
[EventType "swiss"]
[EventRounds "13"]
[EventCountry "BRA"]
[SourceTitle "EXT 2022"]
[Source "ChessBase"]
[SourceDate "2021.10.06"]
[SourceVersion "1"]
[SourceVersionDate "2021.10.06"]
[SourceQuality "1"]

1. e4 c5 2. Nf3 e6 3. d4 cxd4 4. Nxd4 Nf6 5. f3 a6 6. Nc3 d6 7. Be3 Nbd7 8. Qd2 b5 9. g4 h6 10. Bg2 Bb7 11. h4 b4 12. Nce2 d5 13. g5 hxg5 14. hxg5 Rxh1+ 15. Bxh1 Nh5 16. exd5 Bxd5 17. b3 g6 18. 0-0-0 Qa5 19. Kb1 Rd8 20. f4 Bxh1 21. Rxh1 Nc5 22. Qe1 Rc8 23. Bc1 Ne4 24. Rh3 Bg7 25. Re3 Nc3+ 26. Nxc3 Bxd4 27. Rxe6+ Kf8 28. Ne2 Bf2 29. Qd2 fxe6 30. Qd6+ Ke8 31. Qxe6+ Kd8 32. Qd6+ Ke8 1/2-1/2

[Event "Jakarta Interzonal (Women)"]
[Site "Jakarta"]
[Date "1993.??.??"]
[Round "?"]
[White "Johansson, Viktoria"]
[Black "Sulistya, Maria Lucia Ratna"]
[Result "1/2-1/2"]
[WhiteElo "2155"]
[BlackElo "2190"]
[PlyCount "105"]
[EventDate "1993.07.??"]
[EventType "swiss"]
[EventRounds "13"]
[EventCountry "INA"]
[SourceTitle "EXT 1997"]
[Source "ChessBase"]
[SourceDate "1996.11.15"]
[SourceVersion "1"]
[SourceVersionDate "1996.11.15"]
[SourceQuality "1"]

1. d4 Nf6 2. c4 e6 3. Nf3 b6 4. g3 Ba6 5. Qc2 c5 6. Bg2 Bb7 7. dxc5 Bxc5 8. Nc3 Nc6 9. 0-0 0-0 10. e4 Nb4 11. Qe2 Rc8 12. a3 Nc6 13. e5 Ne8 14. Rd1 f6 15. b4 Be7 16. Bb2 a6 17. Rd2 Qc7 18. Rad1 Nb8 19. Na4 Bc6 20. b5 axb5 21. cxb5 Bd5 22. Qe3 Bc5 23. Nxc5 Qxc5 24. Qxc5 Rxc5 25. a4 Rc4 26. Rd4 Rxd4 27. Nxd4 Bxg2 28. Kxg2 fxe5 29. Nf3 d5 30. Nxe5 Nf6 31. Rc1 Ne4 32. f4 g5 33. Ba3 Re8 34. Rc7 gxf4 35. gxf4 Rd8 36. Rb7 d4 37. Rxb6 Nd7 38. Nxd7 Rxd7 39. Rxe6 d3 40. Bb4 Rd4 41. Be1 Nc5 42. Rc6 d2 43. Bxd2 Rxd2+ 44. Kg3 Nxa4 45. Rc8+ Kf7 46. Rc7+ Kg6 47. b6 Rb2 48. b7 Rb4 49. h3 Nb2 50. f5+ Kf6 51. Rc6+ Kf7 52. Rc7+ Kf6 53. Rc6+ 1/2-1/2

[Event "Jakarta Interzonal (Women)"]
[Site "Jakarta"]
[Date "1993.??.??"]
[Round "?"]
[White "Levitan, Yuliya"]
[Black "Sulistya, Maria Lucia Ratna"]
[Result "1/2-1/2"]
[WhiteElo "2270"]
[BlackElo "2190"]
[PlyCount "121"]
[EventDate "1993.07.??"]
[EventType "swiss"]
[EventRounds "13"]
[EventCountry "INA"]
[SourceTitle "EXT 1997"]
[Source "ChessBase"]
[SourceDate "1996.11.15"]
[SourceVersion "1"]
[SourceVersionDate "1996.11.15"]
[SourceQuality "1"]

1. e4 e5 2. Nf3 Nc6 3. Bb5 a6 4. Ba4 Nf6 5. d3 b5 6. Bb3 Be7 7. 0-0 d6 8. c3 Na5 9. Bc2 c5 10. Nbd2 0-0 11. Re1 Ne8 12. d4 Qc7 13. h3 cxd4 14. cxd4 Bb7 15. Nf1 Rc8 16. Ne3 Bf6 17. d5 g6 18. Bd2 Nc4 19. Nxc4 bxc4 20. Rc1 Qb8 21. Bb1 Ba8 22. Bc3 Bg7 23. Qe2 f5 24. Rcd1 fxe4 25. Ng5 Nf6 26. Ne6 Rfe8 27. Nxg7 Kxg7 28. Bxe4 Qb5 29. Bf3 Bxd5 30. Qd2 Bxf3 31. gxf3 Rcd8 32. f4 Kf7 33. fxe5 dxe5 34. Qe3 Rxd1 35. Rxd1 Nh5 36. Re1 Nf4 37. Qf3 Kg8 38. Rd1 Nd3 39. b3 Rf8 40. bxc4 Rxf3 41. cxb5 axb5 42. Rb1 Nxf2 43. Bxe5 Nxh3+ 44. Kg2 Rf5 45. Rxb5 Nf4+ 46. Kg3 Nd3 47. Rb8+ Kf7 48. Bd4 Rd5 49. Be3 h5 50. a4 Ra5 51. Rb7+ Ke8 52. Ra7 Rxa7 53. Bxa7 Kf7 54. a5 Ke6 55. Be3 Nb4 56. Bd2 Nd5 57. a6 Nc7 58. a7 Kf5 59. Kh4 Na8 60. Ba5 Kf4 61. Bd8 1/2-1/2

[Event "Jakarta zt (Women)"]
[Site "Jakarta"]
[Date "1993.??.??"]
[Round "3"]
[White "Lindri, Juni Wijayanti"]
[Black "Sulistya, Maria Lucia Ratna"]
[Result "1/2-1/2"]
[WhiteElo "2155"]
[BlackElo "2195"]
[PlyCount "81"]
[EventDate "1993.??.??"]
[EventType "tourn"]
[EventRounds "12"]
[EventCountry "INA"]
[SourceTitle "EXT 2003"]
[Source "ChessBase"]
[SourceDate "2002.11.25"]
[SourceVersion "1"]
[SourceVersionDate "2002.11.25"]
[SourceQuality "1"]

1. d4 Nf6 2. Nf3 e6 3. Bf4 c5 4. e3 Nc6 5. c3 Qb6 6. Qc1 Nh5 7. Bg3 Nxg3 8. hxg3 d5 9. Bd3 g6 10. Nbd2 Bg7 11. Qb1 e5 12. dxe5 Nxe5 13. Nxe5 Bxe5 14. Nf3 Bf6 15. Qc2 Be6 16. Qa4+ Bd7 17. Qc2 Rc8 18. Qd2 a5 19. Rd1 Qe6 20. Qe2 0-0 21. 0-0 Qc6 22. Rd2 Rfe8 23. Rc1 b5 24. a3 Qb7 25. Qd1 Bc6 26. Bb1 d4 27. cxd4 cxd4 28. exd4 Bxf3 29. gxf3 Rxc1 30. Qxc1 Qxf3 31. Qf1 Rd8 32. Qg2 Qxg2+ 33. Kxg2 Rxd4 34. Rxd4 Bxd4 35. b3 b4 36. axb4 axb4 37. Bd3 Kg7 38. f3 f5 39. g4 f4 40. Bb5 Kf6 41. Bc4 1/2-1/2

[Event "Jakarta zt (Women)"]
[Site "Jakarta"]
[Date "1993.??.??"]
[Round "12"]
[White "Mills, Natalie"]
[Black "Sulistya, Maria Lucia Ratna"]
[Result "1/2-1/2"]
[WhiteElo "2005"]
[BlackElo "2195"]
[PlyCount "23"]
[EventDate "1993.??.??"]
[EventType "tourn"]
[EventRounds "12"]
[EventCountry "INA"]
[SourceTitle "EXT 2003"]
[Source "ChessBase"]
[SourceDate "2002.11.25"]
[SourceVersion "1"]
[SourceVersionDate "2002.11.25"]
[SourceQuality "1"]

1. d4 Nf6 2. Nf3 e6 3. Bg5 c5 4. c3 Qb6 5. Qb3 Qxb3 6. axb3 Ne4 7. Bf4 Nc6 8. e3 cxd4 9. cxd4 d5 10. Nbd2 Bd6 11. Bxd6 Nxd6 12. Bd3 1/2-1/2

[Event "Jakarta Interzonal (Women)"]
[Site "Jakarta"]
[Date "1993.??.??"]
[Round "?"]
[White "Schleining, Zoya"]
[Black "Sulistya, Maria Lucia Ratna"]
[Result "1/2-1/2"]
[WhiteElo "2340"]
[BlackElo "2190"]
[PlyCount "101"]
[EventDate "1993.07.??"]
[EventType "swiss"]
[EventRounds "13"]
[EventCountry "INA"]
[SourceTitle "EXT 1997"]
[Source "ChessBase"]
[SourceDate "1996.11.15"]
[SourceVersion "1"]
[SourceVersionDate "1996.11.15"]
[SourceQuality "1"]

1. Nf3 b5 2. e4 Bb7 3. Bxb5 Bxe4 4. 0-0 e6 5. d4 Nf6 6. Be2 c5 7. c4 Nc6 8. dxc5 Bxc5 9. Nc3 Bg6 10. Bg5 0-0 11. a3 Be7 12. b4 d5 13. Qa4 Ne4 14. Nxe4 dxe4 15. Bxe7 Qxe7 16. Qxc6 Rac8 17. Qb5 exf3 18. Bxf3 Bd3 19. Rfc1 Qf6 20. Qd7 Rfd8 21. Qxa7 Rxc4 22. Qe3 Rdc8 23. Re1 Rc3 24. Qe5 Qxe5 25. Rxe5 Rxa3 26. Rd1 g6 27. b5 Rb3 28. Re3 Bc2 29. Rxb3 Bxb3 30. Rb1 Bd5 31. Bxd5 exd5 32. Kf1 Kf8 33. Ke2 Ke7 34. Kd3 Kd6 35. b6 Rb8 36. Kd4 Rb7 37. g4 h6 38. Rb3 Kc6 39. Rf3 Re7 40. Rf6+ Re6 41. Rxf7 Re4+ 42. Kd3 Rxg4 43. f3 Rb4 44. Rf6+ Kc5 45. Rxg6 Rb3+ 46. Kc2 Rxb6 47. Rxb6 Kxb6 48. Kd3 Kc5 49. f4 Kd6 50. Kd4 Ke6 51. f5+ 1/2-1/2

[Event "Jakarta Interzonal (Women)"]
[Site "Jakarta"]
[Date "1993.??.??"]
[Round "?"]
[White "Sulistya, Maria Lucia Ratna"]
[Black "Semenova, Lidia K"]
[Result "0-1"]
[WhiteElo "2190"]
[BlackElo "2285"]
[PlyCount "80"]
[EventDate "1993.07.??"]
[EventType "swiss"]
[EventRounds "13"]
[EventCountry "INA"]
[SourceTitle "EXT 1997"]
[Source "ChessBase"]
[SourceDate "1996.11.15"]
[SourceVersion "1"]
[SourceVersionDate "1996.11.15"]
[SourceQuality "1"]

1. e4 e5 2. Nf3 Nc6 3. Bb5 Nge7 4. c3 a6 5. Ba4 d6 6. d4 Bd7 7. 0-0 Ng6 8. Qe2 Be7 9. Rd1 Qc8 10. Be3 0-0 11. dxe5 dxe5 12. Nbd2 h6 13. Nf1 Nd4 14. cxd4 Bxa4 15. b3 Bb5 16. Qc2 exd4 17. Nxd4 Bd7 18. Ng3 Re8 19. Ndf5 Bf8 20. Rac1 c6 21. Bd4 Nf4 22. Qd2 Bxf5 23. Nxf5 Qc7 24. f3 Ne6 25. Bb2 Rad8 26. Qc3 Kh7 27. g3 Rxd1+ 28. Rxd1 Rd8 29. Rxd8 Qxd8 30. Kg2 Qd1 31. Nd4 Nxd4 32. Qxd4 Qb1 33. e5 Qxa2 34. Qd3+ Kg8 35. Qd2 Qxb3 36. Bc3 Qd5 37. Qb2 b5 38. Qa1 b4 39. Bb2 a5 40. g4 a4 0-1

[Event "Jakarta Interzonal (Women)"]
[Site "Jakarta"]
[Date "1993.??.??"]
[Round "?"]
[White "Sulistya, Maria Lucia Ratna"]
[Black "Thipsay, Bagyashree Sathe"]
[Result "1-0"]
[WhiteElo "2190"]
[BlackElo "2175"]
[PlyCount "115"]
[EventDate "1993.07.??"]
[EventType "swiss"]
[EventRounds "13"]
[EventCountry "INA"]
[SourceTitle "EXT 1997"]
[Source "ChessBase"]
[SourceDate "1996.11.15"]
[SourceVersion "1"]
[SourceVersionDate "1996.11.15"]
[SourceQuality "1"]

1. e4 c6 2. d4 d5 3. Nd2 dxe4 4. Nxe4 Nf6 5. Nxf6+ gxf6 6. Nf3 Bg4 7. c3 Qc7 8. Bc4 e6 9. Qe2 Nd7 10. h3 Bh5 11. 0-0 0-0-0 12. b4 Bd6 13. Qe3 Rhg8 14. Be2 f5 15. Qh6 Bg6 16. a4 Rde8 17. b5 c5 18. a5 f4 19. dxc5 Nxc5 20. b6 axb6 21. axb6 Qxb6 22. Bxf4 Kb8 23. Bxd6+ Qxd6 24. Rfd1 Qc7 25. Ra3 Be4 26. Rda1 b6 27. Qd2 Bb7 28. Qa2 Qc6 29. Kf1 Rd8 30. Qb1 Ne4 31. Qc1 e5 32. Qe3 f6 33. Ba6 Ba8 34. Bd3 Bb7 35. Ra7 Nc5 36. Bxh7 Rg7 37. Bc2 Na6 38. R7xa6 Bxa6+ 39. Rxa6 Qb5+ 40. Qe2 Qxe2+ 41. Kxe2 Kb7 42. Ra1 Kc6 43. g4 Kc5 44. Nd2 Rh8 45. Ne4+ Kc6 46. Nxf6 Rxh3 47. Be4+ Kc5 48. f3 Rh6 49. Nh5 Rd7 50. Rd1 Rxd1 51. Kxd1 b5 52. Kc2 b4 53. cxb4+ Kxb4 54. Kd3 Kc5 55. Ng7 Rh8 56. Nf5 Rg8 57. Ke3 Kb6 58. Bd5 1-0